[Event "Biella op-B 6th"]
[Site "Biella"]
[Date "2015.09.25"]
[Round "1"]
[White "Libutti, Michele"]
[Black "Marinc, Damir"]
[Result "1/2-1/2"]
[WhiteElo "1761"]
[BlackElo "1999"]
[PlyCount "150"]
[EventDate "2015.09.25"]
[EventType "swiss"]
[EventRounds "5"]
[EventCountry "ITA"]
[SourceTitle "EXT 2024"]
[Source "ChessBase"]
[SourceDate "2023.10.10"]
[SourceVersion "1"]
[SourceVersionDate "2023.10.10"]
[SourceQuality "1"]

1. d4 Nf6 2. c4 e6 3. Nc3 Bb4 4. e3 0-0 5. Nf3 b6 6. Bd3 Bb7 7. 0-0 Bxc3 8. bxc3 Ne4 9. Qc2 f5 10. Nd2 d5 11. f3 Nf6 12. e4 dxe4 13. fxe4 g6 14. e5 Nh5 15. Nf3 Nc6 16. Bg5 Qd7 17. Qe2 Nd8 18. Rad1 Nf7 19. d5 h6 20. dxe6 Qxe6 21. Nd4 Qxe5 22. Qxe5 Nxe5 23. Bxh6 Rfd8 24. Be2 Nf6 25. Bg5 Rd6 26. Nb5 Rxd1 27. Rxd1 Ne4 28. Bf4 Re8 29. Bxe5 Rxe5 30. Bf3 Re7 31. Re1 a6 32. Nd4 Kf7 33. h3 Rd7 34. g4 Nxc3 35. gxf5 gxf5 36. Bxb7 Rxd4 37. Bxa6 Nxa2 38. Rf1 Kg6 39. Kg2 Nb4 40. Bc8 Rxc4 41. Bxf5+ Kg5 42. Kg3 Rc3+ 43. Kh2 Nd5 44. Be6 Ne3 45. Rg1+ Kh4 46. Rg7 b5 47. Rh7+ Kg5 48. h4+ Kg6 49. Rh8 Kf6 50. Bd7 b4 51. Rb8 b3 52. Ba4 Nf1+ 53. Kg2 Nd2 54. Rb7 c5 55. Kf2 Rh3 56. Ke2 c4 57. Kxd2 c3+ 58. Ke1 Rh1+ 59. Ke2 Rh2+ 60. Kd3 Rh3+ 61. Ke2 c2 62. Rc7 Rh1 63. Kd2 Rd1+ 64. Ke2 c1Q 65. Rxc1 Rxc1 66. Bxb3 Rh1 67. h5 Rh2+ 68. Kd3 Rxh5 69. Bc4 Ke5 70. Kc3 Rh3+ 71. Kb4 Kd4 72. Kb5 Rc3 73. Be6 Rc1 74. Kb6 Rb1+ 75. Kc6 Ke5 1/2-1/2

[Event "Robecchetto Primavera op 12th"]
[Site "Robecchetto"]
[Date "2015.05.07"]
[Round "5"]
[White "Libutti, Michele"]
[Black "Ragoso, Mario"]
[Result "0-1"]
[WhiteElo "1747"]
[BlackElo "1628"]
[PlyCount "138"]
[EventDate "2015.04.02"]
[EventType "swiss"]
[EventRounds "7"]
[EventCountry "ITA"]
[SourceTitle "EXT 2017"]
[Source "ChessBase"]
[SourceDate "2016.10.25"]
[SourceVersion "1"]
[SourceVersionDate "2016.10.25"]
[SourceQuality "1"]

1. d4 Nf6 2. c4 g6 3. Nc3 Bg7 4. e4 d6 5. f4 0-0 6. Nf3 Nfd7 7. Be2 e5 8. fxe5 dxe5 9. d5 a5 10. Be3 Na6 11. 0-0 Nac5 12. Qc2 Qe7 13. b3 Nf6 14. Bg5 h6 15. Bxf6 Bxf6 16. h3 Bd7 17. a3 g5 18. Nh2 b6 19. Bg4 Be8 20. b4 Nb7 21. Qf2 Bg7 22. Rab1 Nd6 23. c5 Nb5 24. Nxb5 Bxb5 25. Rfd1 Rfd8 26. cxb6 axb4 27. bxc7 Qxc7 28. Rdc1 Qd6 29. axb4 Rdb8 30. Qc5 Bf8 31. Nf1 Bd3 32. Qxd6 Bxd6 33. Rb3 Bxe4 34. Ne3 Rxb4 35. Rxb4 Bxb4 36. Rc4 Ra1+ 37. Kh2 Re1 38. Rxe4 Bc5 39. Rxe5 Bd6 40. Nc4 Bxe5+ 41. Nxe5 Rxe5 42. Bf3 Kf8 43. Kg3 f5 44. Kf2 Ke7 45. g3 Kd6 46. h4 Rxd5 47. Bxd5 Kxd5 48. Kf3 Kd4 49. h5 Ke5 50. Ke3 g4 51. Kd3 Kf6 52. Kd4 Ke6 53. Kd3 Ke5 54. Ke3 f4+ 55. gxf4+ Kf5 56. Ke2 Kxf4 57. Kf2 Kg5 58. Kg3 Kxh5 59. Kg2 Kg5 60. Kg3 h5 61. Kg2 Kf4 62. Kf2 h4 63. Kg2 Ke3 64. Kh2 Kf2 65. Kh1 h3 66. Kh2 g3+ 67. Kh1 g2+ 68. Kh2 g1Q+ 69. Kxh3 Qg3# 0-1

[Event "Robecchetto Primavera op 12th"]
[Site "Robecchetto"]
[Date "2015.04.16"]
[Round "3"]
[White "Libutti, Michele"]
[Black "Novi, Giuseppe"]
[Result "1-0"]
[WhiteElo "1747"]
[BlackElo "1872"]
[PlyCount "59"]
[EventDate "2015.04.02"]
[EventType "swiss"]
[EventRounds "7"]
[EventCountry "ITA"]
[SourceTitle "EXT 2017"]
[Source "ChessBase"]
[SourceDate "2016.10.25"]
[SourceVersion "1"]
[SourceVersionDate "2016.10.25"]
[SourceQuality "1"]

1. d4 Nf6 2. c4 c5 3. d5 b5 4. cxb5 a6 5. b6 Qxb6 6. Nc3 g6 7. e4 d6 8. Nf3 Bg7 9. Be2 0-0 10. 0-0 Nbd7 11. h3 Ne8 12. Nd2 Nc7 13. Nc4 Qb8 14. a4 a5 15. f4 Ba6 16. Na3 Bxe2 17. Qxe2 Nf6 18. Nc4 Nh5 19. Kh2 Qd8 20. e5 Bh8 21. g4 Ng7 22. exd6 exd6 23. Ne4 Re8 24. Qf3 Ra6 25. Bd2 Nxd5 26. Rad1 Nb4 27. Bxb4 axb4 28. Ncxd6 Re6 29. Nxf7 Qf8 30. Nh6# 1-0

[Event "Milan Crespi op-B 35th"]
[Site "Milan"]
[Date "2014.12.07"]
[Round "5"]
[White "Libutti, Michele"]
[Black "Versari, Marino"]
[Result "1/2-1/2"]
[WhiteElo "1764"]
[BlackElo "1577"]
[PlyCount "126"]
[EventDate "2014.12.04"]
[EventType "swiss"]
[EventRounds "7"]
[EventCountry "ITA"]
[SourceTitle "EXT 2017"]
[Source "ChessBase"]
[SourceDate "2016.10.25"]
[SourceVersion "1"]
[SourceVersionDate "2016.10.25"]
[SourceQuality "1"]

1. d4 d5 2. c4 e6 3. Nc3 Nf6 4. Bg5 Nbd7 5. Nf3 Be7 6. e3 0-0 7. Bd3 c5 8. cxd5 exd5 9. Rc1 c4 10. Bb1 h6 11. Bh4 b6 12. 0-0 Bb7 13. Re1 Re8 14. Nd2 a6 15. e4 dxe4 16. Ndxe4 Nh7 17. Bxe7 Rxe7 18. Qe2 Kf8 19. Qxc4 Rc8 20. Qd3 Bxe4 21. Nxe4 Rxc1 22. Rxc1 b5 23. Kf1 Nhf6 24. Nd6 Nb6 25. Nf5 Rd7 26. Qa3+ Kg8 27. Qg3 Qf8 28. Nxh6+ Kh8 29. Nf5 g6 30. Qh4+ Nh7 31. Ne3 Qb4 32. Qg3 Qxb2 33. Rd1 Nc4 34. Nxc4 bxc4 35. Qe5+ Kg8 36. Qe8+ Nf8 37. Qe3 c3 38. Qe2 Qb4 39. Qe4 Qc4+ 40. Qd3 Qc8 41. Bc2 Ne6 42. d5 Nf4 43. Qe4 Nh5 44. Qe5 Ng7 45. Rd3 Qc4 46. Qxc3 Qxc3 47. Rxc3 Rxd5 48. Rc8+ Kh7 49. Bb3 Rf5 50. Rc7 Kg8 51. Rc6 a5 52. Rxg6 Kf8 53. h4 fxg6 54. g4 Rf4 55. Bd1 Rd4 56. Ke2 Ke7 57. f3 Kd6 58. Bc2 Ke5 59. Bxg6 Kf4 60. h5 Kg5 61. Ke3 Ra4 62. Bf7 Rf4 63. Bd5 Rb4 1/2-1/2

[Event "Milan Crespi op-B 35th"]
[Site "Milan"]
[Date "2014.12.04"]
[Round "1"]
[White "Libutti, Michele"]
[Black "Zaccheroni, Dario"]
[Result "1/2-1/2"]
[WhiteElo "1764"]
[BlackElo "1599"]
[PlyCount "110"]
[EventDate "2014.12.04"]
[EventType "swiss"]
[EventRounds "7"]
[EventCountry "ITA"]
[SourceTitle "EXT 2017"]
[Source "ChessBase"]
[SourceDate "2016.10.25"]
[SourceVersion "1"]
[SourceVersionDate "2016.10.25"]
[SourceQuality "1"]

1. d4 Nf6 2. c4 e6 3. Nc3 Bb4 4. e3 d5 5. Nf3 Bd7 6. Bd3 dxc4 7. Bxc4 c5 8. 0-0 cxd4 9. exd4 Bc6 10. a3 Bxc3 11. bxc3 Nbd7 12. Bg5 h6 13. Bh4 Qa5 14. Qb3 Bxf3 15. gxf3 Qb6 16. Qxb6 Nxb6 17. Bb5+ Nfd7 18. Rab1 f6 19. Rfe1 Kf7 20. Bxd7 Nxd7 21. Rxb7 Ke7 22. d5 e5 23. Rxe5+ Kd6 24. Re2 Ne5 25. Bg3 Kxd5 26. Bxe5 Rhe8 27. Rxg7 fxe5 28. Rd7+ Kc4 29. Rc7+ Kb3 30. Rc5 Kxa3 31. Rcxe5 Rxe5 32. Rxe5 a5 33. Rb5 Ka4 34. Rh5 Kb3 35. Rxh6 a4 36. Rb6+ Kxc3 37. h4 a3 38. Rc6+ Kd4 39. Rd6+ Ke5 40. Rd1 Kf4 41. Kg2 a2 42. Ra1 Ke5 43. Kg3 Kd4 44. h5 Kc3 45. Kg4 Kb2 46. Rh1 Rc8 47. Re1 Rc1 48. Re2+ Rc2 49. Re1 Rxf2 50. h6 a1Q 51. Rxa1 Kxa1 52. f4 Kb2 53. Kg5 Kc3 54. h7 Rh2 55. Kg6 Kd4 1/2-1/2

[Event "Milan SSM op-B 08"]
[Site "Milan"]
[Date "2014.07.30"]
[Round "2"]
[White "Libutti, Michele"]
[Black "Pipitone, Filippo Massimo"]
[Result "1-0"]
[WhiteElo "1736"]
[BlackElo "1567"]
[PlyCount "61"]
[EventDate "2014.07.29"]
[EventType "swiss"]
[EventRounds "7"]
[EventCountry "ITA"]
[SourceTitle "EXT 2022"]
[Source "ChessBase"]
[SourceDate "2021.10.06"]
[SourceVersion "1"]
[SourceVersionDate "2021.10.06"]
[SourceQuality "1"]

1. d4 d5 2. c4 e6 3. Nc3 Nf6 4. Bg5 c6 5. e3 Nbd7 6. Nf3 Qa5 7. Nd2 Bb4 8. Qc2 0-0 9. Nb3 Qd8 10. Bd3 h6 11. Bh4 dxc4 12. Bxc4 b5 13. Bd3 Bb7 14. 0-0 a6 15. Ne4 Be7 16. Nec5 Nxc5 17. Nxc5 Qc7 18. Bg3 Qb6 19. b4 Rfd8 20. a3 a5 21. Rac1 Bxc5 22. bxc5 Qa7 23. Ra1 Rac8 24. Bh4 Ba8 25. Qe2 Rd5 26. f4 Ne8 27. Be4 Rd7 28. f5 Nc7 29. Qg4 Kf8 30. fxe6 Nxe6 31. Qxe6 1-0

[Event "Robecchetto Spring 11th A"]
[Site "Robecchetto"]
[Date "2014.04.10"]
[Round "1"]
[White "Libutti, Michele"]
[Black "Madaschi, Sergio"]
[Result "1-0"]
[WhiteElo "1745"]
[BlackElo "1528"]
[PlyCount "51"]
[EventDate "2014.04.10"]
[EventType "swiss"]
[EventRounds "7"]
[EventCountry "ITA"]
[SourceTitle "EXT 2024"]
[Source "ChessBase"]
[SourceDate "2023.10.10"]
[SourceVersion "1"]
[SourceVersionDate "2023.10.10"]
[SourceQuality "1"]

1. d4 Nf6 2. c4 g6 3. Nc3 Bg7 4. e4 d6 5. Nf3 0-0 6. Be2 e5 7. dxe5 dxe5 8. Bg5 h6 9. Qxd8 Rxd8 10. Bxf6 Bxf6 11. Nd5 Rxd5 12. cxd5 b6 13. Rc1 Ba6 14. Rxc7 Bd8 15. Rc2 Bxe2 16. Kxe2 Nd7 17. Rhc1 Nc5 18. Nxe5 Bf6 19. f4 g5 20. g3 Re8 21. Ke3 Bg7 22. b4 Na6 23. Rc8 Kf8 24. a3 Ke7 25. d6+ Kf8 26. d7 1-0

[Event "Milan Befana op-B"]
[Site "Milan"]
[Date "2014.01.06"]
[Round "6"]
[White "Corti, Filippo"]
[Black "Libutti, Michele"]
[Result "1-0"]
[WhiteElo "1599"]
[BlackElo "1727"]
[PlyCount "73"]
[EventDate "2014.01.02"]
[EventType "swiss"]
[EventRounds "7"]
[EventCountry "ITA"]
[SourceTitle "EXT 2015"]
[Source "ChessBase"]
[SourceDate "2014.11.20"]
[SourceVersion "1"]
[SourceVersionDate "2014.11.20"]
[SourceQuality "1"]

1. Nf3 Nf6 2. g3 d5 3. Bg2 c6 4. d4 e6 5. Nbd2 Nbd7 6. 0-0 Be7 7. c4 0-0 8. Qc2 b6 9. Re1 Bb7 10. e4 dxe4 11. Ng5 Rb8 12. Ndxe4 Nxe4 13. Nxe4 Nf6 14. Bf4 Rc8 15. Rad1 h6 16. Qd2 Nxe4 17. Bxe4 Bg5 18. Bxg5 Qxg5 19. Qxg5 hxg5 20. d5 cxd5 21. cxd5 Bxd5 22. Bxd5 exd5 23. Rxd5 Rc2 24. Re7 Rxb2 25. Rxa7 Rc8 26. Rdd7 Rf8 27. Rd5 Rc8 28. Rxg5 g6 29. Rg4 Rc1+ 30. Kg2 Rcc2 31. Rf4 Rxa2 32. Raxf7 b5 33. g4 Ra8 34. Rb7 Rc4 35. Rxc4 bxc4 36. Rc7 Ra4 37. f3 1-0

[Event "Milan Befana op-B"]
[Site "Milan"]
[Date "2014.01.05"]
[Round "4"]
[White "Papa, Angelo"]
[Black "Libutti, Michele"]
[Result "1/2-1/2"]
[WhiteElo "1760"]
[BlackElo "1727"]
[PlyCount "57"]
[EventDate "2014.01.02"]
[EventType "swiss"]
[EventRounds "7"]
[EventCountry "ITA"]
[SourceTitle "EXT 2015"]
[Source "ChessBase"]
[SourceDate "2014.11.20"]
[SourceVersion "1"]
[SourceVersionDate "2014.11.20"]
[SourceQuality "1"]

1. d4 Nf6 2. c4 g6 3. Nc3 Bg7 4. e4 d6 5. f3 0-0 6. Be3 Nbd7 7. Nh3 c5 8. d5 Ne5 9. Nf2 e6 10. f4 Neg4 11. Nxg4 Nxg4 12. Bd2 exd5 13. cxd5 Bd4 14. Qf3 Bf2+ 15. Kd1 Bd4 16. Ke2 Nf2 17. Qxf2 Bxf2 18. Kxf2 Re8 19. Bd3 Bd7 20. Rhe1 a6 21. e5 Qh4+ 22. Kg1 dxe5 23. g3 Qg4 24. Ne4 Kg7 25. Be2 Qh3 26. Bf1 Qg4 27. Be2 Qh3 28. Bf1 Qg4 29. Be2 1/2-1/2

[Event "Milan Befana op-B"]
[Site "Milan"]
[Date "2014.01.04"]
[Round "3"]
[White "Libutti, Michele"]
[Black "Pedroni, Marco"]
[Result "1/2-1/2"]
[WhiteElo "1727"]
[BlackElo "1850"]
[PlyCount "67"]
[EventDate "2014.01.02"]
[EventType "swiss"]
[EventRounds "7"]
[EventCountry "ITA"]
[SourceTitle "EXT 2015"]
[Source "ChessBase"]
[SourceDate "2014.11.20"]
[SourceVersion "1"]
[SourceVersionDate "2014.11.20"]
[SourceQuality "1"]

1. d4 f5 2. c4 g6 3. Nf3 Bg7 4. g3 Nf6 5. Bg2 0-0 6. 0-0 d6 7. Nc3 Nbd7 8. Ng5 Nb6 9. Qb3 c5 10. dxc5 dxc5 11. Rd1 Qc7 12. a4 Bd7 13. a5 Nc8 14. a6 Nd6 15. axb7 Rab8 16. Rxa7 h6 17. Nd5 Nxd5 18. Bxd5+ Kh8 19. Ne6 Bxe6 20. Bxe6 g5 21. Bd5 f4 22. g4 e5 23. f3 Rfe8 24. Bd2 e4 25. Bc3 Bd4+ 26. Bxd4+ cxd4 27. Rxd4 Qc5 28. Qc3 Qxa7 29. c5 Nb5 30. Qb4 Nxd4 31. Qxd4+ Kh7 32. Bxe4+ Rxe4 33. Qxe4+ Kg7 34. Qe7+ 1/2-1/2

[Event "Robecchetto Autunn op 10th"]
[Site "Robecchetto"]
[Date "2013.10.10"]
[Round "2"]
[White "Moroni, Luca"]
[Black "Libutti, Michele"]
[Result "1-0"]
[WhiteElo "1860"]
[BlackElo "1734"]
[PlyCount "165"]
[EventDate "2013.10.03"]
[EventType "swiss"]
[EventRounds "7"]
[EventCountry "ITA"]
[SourceTitle "EXT 2015"]
[Source "ChessBase"]
[SourceDate "2014.11.20"]
[SourceVersion "1"]
[SourceVersionDate "2014.11.20"]
[SourceQuality "1"]

1. Nf3 Nf6 2. d4 d5 3. Bf4 e6 4. c3 Bd6 5. Bxd6 cxd6 6. e3 Nc6 7. Be2 0-0 8. 0-0 e5 9. dxe5 dxe5 10. Nbd2 Bg4 11. h3 Bf5 12. Nh2 Re8 13. Ng4 d4 14. Nxf6+ Qxf6 15. e4 Be6 16. cxd4 Nxd4 17. Nf3 Red8 18. Nxd4 Rxd4 19. Qb1 Qg5 20. Qc1 Qxc1 21. Rfxc1 Rd2 22. Bc4 Bxc4 23. Rxc4 Rxb2 24. Rc7 Rd8 25. Re7 f6 26. Rc1 Rxa2 27. Rcc7 b5 28. Rxg7+ Kf8 29. Rxh7 Kg8 30. Rxa7 Rd1+ 31. Kh2 Rxf2 32. Rhb7 Rd8 33. Rxb5 Rf4 34. Rb6 Rf8 35. Rbb7 Rd8 36. Ra6 Rf8 37. Raa7 Rd8 38. Rg7+ Kh8 39. Rgf7 Kg8 40. Rg7+ Kh8 41. Rg6 Rf8 42. Rg4 Rxg4 43. hxg4 Rg8 44. Kh3 Rg5 45. Kh4 Kg8 46. Rb7 Kf8 47. Rh7 Kg8 48. Rh5 Rg6 49. Rf5 Rh6+ 50. Kg3 Rg6 51. Kh4 Rh6+ 52. Rh5 Rg6 53. g3 Kg7 54. g5 Kf7 55. gxf6 Kxf6 56. Rf5+ Ke6 57. g4 Rh6+ 58. Kg5 Rh1 59. Rf6+ Ke7 60. Ra6 Rf1 61. Kh5 Rh1+ 62. Kg6 Rf1 63. g5 Rf4 64. Ra4 Ke6 65. Kg7 Rf7+ 66. Kh6 Rf4 67. g6 Rh4+ 68. Kg7 Ke7 69. Rb4 Rg4 70. Rb7+ Ke6 71. Rb6+ Ke7 72. Rb4 Rh4 73. Ra4 Rg4 74. Kh6 Rh4+ 75. Kg5 Rf4 76. g7 Kf7 77. Ra7+ Kg8 78. Kg6 Rg4+ 79. Kf6 Rg6+ 80. Kxe5 Rh6 81. Kd5 Rg6 82. e5 Rb6 83. e6 1-0

[Event "Milan Crespi op-C 33rd"]
[Site "Milan"]
[Date "2012.12.09"]
[Round "7"]
[White "Botta, Massimiliano"]
[Black "Libutti, Michele"]
[Result "1/2-1/2"]
[WhiteElo "1653"]
[BlackElo "1736"]
[PlyCount "27"]
[EventDate "2012.12.05"]
[EventType "swiss"]
[EventRounds "7"]
[EventCountry "ITA"]
[SourceTitle "EXT 2024"]
[Source "ChessBase"]
[SourceDate "2023.10.10"]
[SourceVersion "1"]
[SourceVersionDate "2023.10.10"]
[SourceQuality "1"]

1. e4 c6 2. d4 d5 3. Nc3 dxe4 4. Nxe4 Nd7 5. Nf3 Ngf6 6. Ng3 e6 7. c4 Bb4+ 8. Bd2 Qa5 9. Be2 0-0 10. 0-0 Bxd2 11. Nxd2 e5 12. Nb3 Qb6 13. Re1 exd4 14. Qxd4 1/2-1/2

[Event "Milan Crespi op-C 33rd"]
[Site "Milan"]
[Date "2012.12.08"]
[Round "5"]
[White "Priori, Gabriele"]
[Black "Libutti, Michele"]
[Result "0-1"]
[WhiteElo "1608"]
[BlackElo "1736"]
[PlyCount "84"]
[EventDate "2012.12.05"]
[EventType "swiss"]
[EventRounds "7"]
[EventCountry "ITA"]
[SourceTitle "EXT 2024"]
[Source "ChessBase"]
[SourceDate "2023.10.10"]
[SourceVersion "1"]
[SourceVersionDate "2023.10.10"]
[SourceQuality "1"]

1. d4 Nf6 2. Bf4 d5 3. e3 e6 4. Nd2 Nbd7 5. Bd3 c5 6. c3 Be7 7. Ngf3 0-0 8. Ne5 cxd4 9. exd4 Bd6 10. h4 Qc7 11. Qe2 a6 12. g4 Bxe5 13. dxe5 Nc5 14. 0-0-0 Nxd3+ 15. Qxd3 Bd7 16. Nf3 Ne4 17. Ng5 Bc6 18. f3 Nxg5 19. hxg5 g6 20. Rh6 Kg7 21. Rdh1 Rh8 22. Bg3 d4 23. Rf1 Bb5 24. Qxd4 Bxf1 25. Qf2 Bd3 26. Qd4 Qc4 27. Qxc4 Bxc4 28. b3 Bd5 29. f4 Bf3 30. Rh4 Rac8 31. Kb2 Be4 32. Bf2 b5 33. b4 Rhd8 34. Bd4 Ra8 35. Rh2 a5 36. Bc5 axb4 37. Bxb4 Bd5 38. a3 Bc4 39. Be7 Rd3 40. Bf6+ Kg8 41. Be7 Rf3 42. Re2 Rxf4 0-1

[Event "Robecchetto Autumn op 9th"]
[Site "Robecchetto"]
[Date "2012.11.22"]
[Round "7"]
[White "Libutti, Michele"]
[Black "Colombo, Maurizio"]
[Result "0-1"]
[WhiteElo "1727"]
[BlackElo "1694"]
[PlyCount "122"]
[EventDate "2012.10.04"]
[EventType "swiss"]
[EventRounds "7"]
[EventCountry "ITA"]
[SourceTitle "EXT 2024"]
[Source "ChessBase"]
[SourceDate "2023.10.10"]
[SourceVersion "1"]
[SourceVersionDate "2023.10.10"]
[SourceQuality "1"]

1. d4 Nf6 2. c4 e6 3. Nc3 Bb4 4. e3 c5 5. Nf3 Nc6 6. Bd3 Bxc3+ 7. bxc3 d6 8. 0-0 e5 9. e4 0-0 10. Bg5 h6 11. Bh4 cxd4 12. cxd4 Bg4 13. Bxf6 Qxf6 14. d5 Nd4 15. Be2 Nxe2+ 16. Qxe2 Bxf3 17. Qxf3 Qxf3 18. gxf3 Rfc8 19. Rfc1 Rc5 20. Rab1 b6 21. Rb5 Rac8 22. Rxc5 Rxc5 23. a4 Kf8 24. Kf1 Ke7 25. Ke2 Kf6 26. Kd3 g6 27. h4 h5 28. Kc3 g5 29. Rh1 gxh4 30. Rxh4 Kg5 31. Rh3 h4 32. Rh1 f6 33. Kb4 a5+ 34. Kb3 Rc7 35. Rg1+ Kf4 36. Rg4+ Kxf3 37. Rxh4 Kxf2 38. Rh6 Rf7 39. Kc3 Kf3 40. Kd3 Kg4 41. Ke3 Kg5 42. Rh8 f5 43. Rg8+ Kf6 44. exf5 Kxf5 45. Rd8 Rc7 46. Rxd6 Rxc4 47. Rxb6 Rxa4 48. d6 Ra3+ 49. Ke2 Ke6 50. Ra6 a4 51. Kd2 Ra1 52. Kc2 a3 53. Kb3 Rd1 54. Kc2 Rxd6 55. Rxa3 Kf5 56. Rd3 Rxd3 57. Kxd3 Kf4 58. Kd2 Kf3 59. Kd1 Kf2 60. Kd2 e4 61. Kd1 e3 0-1

[Event "Robecchetto Autumn op 9th"]
[Site "Robecchetto"]
[Date "2012.10.18"]
[Round "3"]
[White "Ongaro, Andrea"]
[Black "Libutti, Michele"]
[Result "1-0"]
[WhiteElo "1579"]
[BlackElo "1727"]
[PlyCount "71"]
[EventDate "2012.10.04"]
[EventType "swiss"]
[EventRounds "7"]
[EventCountry "ITA"]
[SourceTitle "EXT 2024"]
[Source "ChessBase"]
[SourceDate "2023.10.10"]
[SourceVersion "1"]
[SourceVersionDate "2023.10.10"]
[SourceQuality "1"]

1. e4 c6 2. d4 d5 3. exd5 cxd5 4. c4 Nf6 5. c5 Nc6 6. Bb5 e5 7. Nf3 Bg4 8. Bxc6+ bxc6 9. dxe5 Ne4 10. Be3 Qa5+ 11. Nbd2 Bxc5 12. Bxc5 Qxc5 13. Nxe4 dxe4 14. Qd4 Qa5+ 15. b4 Qd5 16. Qxd5 cxd5 17. Nd4 0-0 18. Rc1 Rac8 19. Kd2 Rc4 20. Rxc4 dxc4 21. Kc3 Re8 22. Kxc4 Rxe5 23. Re1 Bd7 24. b5 f5 25. a4 f4 26. a5 e3 27. fxe3 fxe3 28. b6 a6 29. b7 Re8 30. Rxe3 Rb8 31. Rb3 Kf7 32. Kc5 Ke7 33. Nc6+ Bxc6 34. Kxc6 Kd8 35. Rd3+ Ke8 36. Kc7 1-0

[Event "Biella op-B 3rd"]
[Site "Biella"]
[Date "2012.09.30"]
[Round "5"]
[White "Drago, Paolo"]
[Black "Libutti, Michele"]
[Result "1-0"]
[WhiteElo "1785"]
[BlackElo "1752"]
[PlyCount "88"]
[EventDate "2012.09.28"]
[EventType "swiss"]
[EventRounds "5"]
[EventCountry "ITA"]
[SourceTitle "EXT 2024"]
[Source "ChessBase"]
[SourceDate "2023.10.10"]
[SourceVersion "1"]
[SourceVersionDate "2023.10.10"]
[SourceQuality "1"]

1. d4 Nf6 2. c4 g6 3. Nc3 Bg7 4. e4 d6 5. f3 0-0 6. Be3 c6 7. Qd2 e5 8. d5 Qa5 9. Bd3 cxd5 10. cxd5 a6 11. Nge2 Nbd7 12. a3 b5 13. b4 Qd8 14. 0-0 Nb6 15. Rfc1 Bd7 16. Nd1 Ne8 17. Nb2 f5 18. Nc3 f4 19. Bf2 g5 20. a4 Nxa4 21. Ncxa4 bxa4 22. Nxa4 g4 23. Kh1 Bf6 24. Nb6 Bh4 25. Nxa8 g3 26. hxg3 Bxg3 27. Bxg3 fxg3 28. Qh6 Rf4 29. Kg1 Rh4 30. Qd2 Rh2 31. Kf1 Bh3 32. Ra2 Rxg2 33. Qxg2 Bxg2+ 34. Rxg2 Qxa8 35. Rxg3+ Kh8 36. Rc6 a5 37. bxa5 Qxa5 38. Rc8 Qa1+ 39. Kg2 Qb2+ 40. Kh3 h6 41. Rxe8+ Kh7 42. Reg8 h5 43. R8g7+ Kh8 44. R7g5 Qa2 1-0

[Event "Biella op-B 3rd"]
[Site "Biella"]
[Date "2012.09.29"]
[Round "3"]
[White "Arruzza, Francesco"]
[Black "Libutti, Michele"]
[Result "1/2-1/2"]
[WhiteElo "1863"]
[BlackElo "1752"]
[PlyCount "116"]
[EventDate "2012.09.28"]
[EventType "swiss"]
[EventRounds "5"]
[EventCountry "ITA"]
[SourceTitle "EXT 2024"]
[Source "ChessBase"]
[SourceDate "2023.10.10"]
[SourceVersion "1"]
[SourceVersionDate "2023.10.10"]
[SourceQuality "1"]

1. e4 c6 2. d4 d5 3. exd5 cxd5 4. Bd3 Nc6 5. c3 Nf6 6. h3 e6 7. Nf3 Bd6 8. Be3 a6 9. Nbd2 b5 10. b4 e5 11. dxe5 Nxe5 12. Nb3 Nc4 13. Bxc4 dxc4 14. Nbd4 0-0 15. 0-0 Qc7 16. a4 Bd7 17. axb5 axb5 18. Qc2 Nd5 19. Bd2 Bf4 20. Rxa8 Rxa8 21. Qe4 Bxd2 22. Qxd5 Ra2 23. Nxd2 Rxd2 24. Qa8+ Qc8 25. Qxc8+ Bxc8 26. Ra1 Bb7 27. Ra7 Rd1+ 28. Kh2 Be4 29. Re7 f5 30. Nxb5 Rc1 31. Rc7 Bd3 32. Nd6 g6 33. Nxc4 Rxc3 34. Rc8+ Kg7 35. Nd6 Rxc8 36. Nxc8 Kf6 37. Nd6 Ke7 38. Nb7 Bb5 39. Kg3 g5 40. f4 h6 41. fxg5 hxg5 42. h4 gxh4+ 43. Kxh4 Bc6 44. Nc5 Bxg2 45. Kg5 Be4 46. Kf4 Kd6 47. Nxe4+ fxe4 48. Kxe4 Kc6 49. Kd4 Kb5 50. Kc3 Kb6 51. Kc4 Kc6 52. b5+ Kb6 53. Kb4 Kb7 54. Ka5 Ka7 55. b6+ Kb7 56. Kb5 Kb8 57. Kc6 Kc8 58. b7+ Kb8 1/2-1/2

[Event "Robecchetto Spring op 9th"]
[Site "Robecchetto"]
[Date "2012.04.12"]
[Round "1"]
[White "Libutti, Michele"]
[Black "Colombo, Angelo D"]
[Result "1/2-1/2"]
[WhiteElo "1752"]
[BlackElo "1473"]
[PlyCount "90"]
[EventDate "2012.04.12"]
[EventType "swiss"]
[EventRounds "7"]
[EventCountry "ITA"]
[SourceTitle "EXT 2024"]
[Source "ChessBase"]
[SourceDate "2023.10.10"]
[SourceVersion "1"]
[SourceVersionDate "2023.10.10"]
[SourceQuality "1"]

1. d4 d5 2. c4 e6 3. Nc3 Nf6 4. Bg5 Be7 5. e3 Nbd7 6. Nf3 0-0 7. Rc1 Re8 8. a3 Nf8 9. Ne5 N6d7 10. Bxe7 Rxe7 11. f4 Nxe5 12. fxe5 Rd7 13. c5 Qg5 14. Qf3 c6 15. Bd3 Ng6 16. g3 f5 17. h4 Qh6 18. h5 Nf8 19. Kd2 b6 20. Na4 b5 21. Nc3 a5 22. Rcf1 Rf7 23. g4 Raa7 24. Rhg1 fxg4 25. Qxg4 Rxf1 26. Rxf1 Rf7 27. Rxf7 Kxf7 28. Ne2 g5 29. hxg6+ hxg6 30. Qf4+ Qxf4 31. exf4 Kg7 32. Ke3 Bd7 33. Kf3 Be8 34. Kg4 Kh6 35. Ng1 Bf7 36. Nf3 Nh7 37. Ng5 Nxg5 38. fxg5+ Kg7 39. Kf3 Kf8 40. Ke2 Ke7 41. Kd2 Kd7 42. a4 b4 43. Ba6 Kc7 44. Kc2 Kb8 45. Kb3 Kc7 1/2-1/2

[Event "Robecchetto Autumn op 8th"]
[Site "Robecchetto"]
[Date "2011.11.10"]
[Round "4"]
[White "Puricelli, Giancarlo"]
[Black "Libutti, Michele"]
[Result "1/2-1/2"]
[WhiteElo "1586"]
[BlackElo "1751"]
[PlyCount "103"]
[EventDate "2011.10.20"]
[EventType "swiss"]
[EventRounds "7"]
[EventCountry "ITA"]
[SourceTitle "EXT 2024"]
[Source "ChessBase"]
[SourceDate "2023.10.10"]
[SourceVersion "1"]
[SourceVersionDate "2023.10.10"]
[SourceQuality "1"]

1. d4 Nf6 2. e3 d5 3. Nf3 e6 4. Bd3 Nbd7 5. 0-0 Be7 6. Nbd2 0-0 7. c3 c5 8. Re1 b6 9. a3 Bb7 10. e4 dxe4 11. Nxe4 Nxe4 12. Bxe4 Bxe4 13. Rxe4 Nf6 14. Re1 cxd4 15. Nxd4 Qd5 16. Be3 Rfd8 17. Qa4 Rdc8 18. Rad1 Qc4 19. Qxc4 Rxc4 20. Nf3 Nd5 21. Bd4 b5 22. Ne5 Rc7 23. Nd3 a5 24. g3 b4 25. axb4 axb4 26. cxb4 Nxb4 27. Nxb4 Bxb4 28. Re3 Rd7 29. Red3 Rad8 30. Kf1 e5 31. Bc3 Rxd3 32. Rxd3 Rxd3 33. Bxb4 f5 34. Bc3 e4 35. Ke2 Kf7 36. Be5 g6 37. Bc3 Ke6 38. Bg7 Kd5 39. Bf6 Kc4 40. Be5 Kb3 41. h4 Kc2 42. Bf6 Rb3 43. Bd4 Rxb2 44. Bxb2 Kxb2 45. Ke3 Kc3 46. g4 fxg4 47. Kxe4 h5 48. Kf4 Kd4 49. f3 gxf3 50. Kxf3 Ke5 51. Ke3 Kf5 52. Kf3 1/2-1/2